1840 1581 1175 1143 1072 1701 1491 1893 1190 1284 1164 1443 1147 1406 1350 1408 1516 1157 1291 1575 1228 1570 1575 1180 1608 1059 1755 1051 1498 1696 1832 1038 1094 1038 1496 1749 1890 1443 1781 1229 1088 1160 1791 1746 1669 1137 1547 1848 1371 1026 1500 1591 1093 1855 1659 1262 1373 1591 1634 1453 1778 1803 1766 1966 1537 1004 1767 1427 1631 1734 1365 1036 1419 1903 1964 1356 1945 1066 1811 1849 1024 1385 1450 1651 1094 1370 1381 1198 1034 1854 1455 1741 1369 1111 1839 1528 1814 1654 1725 BCNSPRNW ULIB Ver.6.0+V

เปลี่ยนเป็นภาษาไทย

Change to English
 แสดงรายละเอียดบรรณานุกรม
  กลับหน้าหลัก

Brief Record : Get Marc (ISO 2709) : E-mail record : QR code < ปิดหน้าต่าง
LEADER : 00000nam 2200000uu 4500
001    13399120413
003     ULIB
008    120920s2546||||th 000 0 tha d
050 04 ^aWB100^bช175น 2546
245 00 ^aนานาสาระสำหรับประชาชน /^cชมรมผู้รับพระราชทานทุนมูลนิธิอานันทมหิดล
260    ^aกรุงเทพฯ :^bโรงพิมพ์กรุงเทพฯ,^c2546
300    ^a259 หน้า :^bภาพประกอบสี ;^c31 ซม
500 0  ^aชมรมผู้รับพระราชทานทุนมูลนิธิอานันทมหิดล จัดพิมพ์ในวโรกาสสมเด็จพระเทพรัตนราชสุดาฯ สยามบรมราชกุมารี ประธานคณะกรรมการบริหารมูลนิธิอานันทมหิดล ทรงเจริญพระชนมายุ 48 พรรษา วันที่ 2 เมษายน 2546
650  7 ^aรวมเรื่อง
650  7 ^aภาษาไทย^xภาษาถิ่น
650  7 ^aชมรมผู้รับพระราชทานทุนมูลนิธิอานันทมหิดล
945    ^p0^l0^i24360
995    ^aกัณชพร
999 ^a ใช้งานได้ทุกระบบ
รายการนี้ยังไม่มีแท็ก
คุณยังไม่ได้ล็อกอิน คุณสามารถมีกิจกรรมร่วมกับเว็บไซต์ได้ แต่ต้องล็อกอินก่อน ::
  ล็อกอิน

รายการสื่อสารสนเทศ

ลำดับที่ ประเภท เลขเรียก/บาร์โค้ด สถานที่ สถานะ
1. วิทยาศาสตร์การแพทย์ และสุขภาพ
วิทยาศาสตร์การแพทย์ และสุขภาพ
WB100 ช175น 2546  
  Barcode: 24360
ห้องสมุดวิทยาเขตสวรรค์ประชารักษ์
►หนังสือทั่วไป
ถูกยืม กำหนดส่งวันที่ 11 พฤษภาคม 2558
  จอง

รายการใกล้เคียง
    หัวเรื่อง [รวมเรื่อง]
    หัวเรื่อง [ชมรมผู้รับพระราชทานทุนมูลนิธิอานันทมหิดล]

BibComment


ยังไม่เคยถูกคอมเมนท์

คอมเมนท์ทรัพยากรรายการนี้
  คอมเมนท์: นานาสาระสำหรับปร..


 Copyright 2026. Bcnsprnw @Library